The Korean political tradition and law

Guardado en:
Detalles Bibliográficos
Autor principal: Hahm, Pyong-Choon
Formato: Libro
Lenguaje:Undetermined
Publicado: Korea Royal Asiatic Society, Korea Branch 1971
Materias:
Law
Etiquetas: Agregar Etiqueta
Sin Etiquetas, Sea el primero en etiquetar este registro!
Thư viện lưu trữ: Trung tâm Học liệu Trường Đại học Cần Thơ
LEADER 00513nam a2200193Ia 4500
001 CTU_89550
008 210402s9999 xx 000 0 und d
082 |a 349.519 
082 |b C548 
100 |a Hahm, Pyong-Choon 
245 4 |a The Korean political tradition and law 
245 0 |c Hahm Pyong-Choon 
260 |a Korea 
260 |b Royal Asiatic Society, Korea Branch 
260 |c 1971 
650 |a Law 
650 |z Korea 
904 |i Mai Loan 
980 |a Trung tâm Học liệu Trường Đại học Cần Thơ